Interior spaces designed by architects. (Record no. 5817)

MARC details
000 -LEADER
fixed length control field 01381cam a2200373 i 4500
001 - CONTROL NUMBER
control field 2771647
003 - CONTROL NUMBER IDENTIFIER
control field OSt
005 - DATE AND TIME OF LATEST TRANSACTION
control field 20260429092248.0
008 - FIXED-LENGTH DATA ELEMENTS--GENERAL INFORMATION
fixed length control field 800521s1981 nyua 001 0 eng
010 ## - LIBRARY OF CONGRESS CONTROL NUMBER
LC control number 80017197
020 ## - INTERNATIONAL STANDARD BOOK NUMBER
International Standard Book Number 0070023549
Terms of availability $32.50
035 ## - SYSTEM CONTROL NUMBER
System control number 2771647
040 ## - CATALOGING SOURCE
Original cataloging agency DLC
Transcribing agency Foundation University
050 00 - LIBRARY OF CONGRESS CALL NUMBER
Classification number NA 2850
Item number .I57 1981
245 00 - TITLE STATEMENT
Title Interior spaces designed by architects.
250 ## - EDITION STATEMENT
Edition statement 2d ed. /
Remainder of edition statement edited by Charles K. Hoyt.
260 ## - PUBLICATION, DISTRIBUTION, ETC.
Place of publication, distribution, etc. New York :
Name of publisher, distributor, etc. McGraw-Hill,
Date of publication, distribution, etc. c1981.
264 ## - PRODUCTION, PUBLICATION, DISTRIBUTION, MANUFACTURE, AND COPYRIGHT NOTICE
Copyright Date 1981
300 ## - PHYSICAL DESCRIPTION
Extent 213 p. :
Other physical details ill. (some col.) ;
Dimensions 32 cm.
Materials specified books
Type of unit books
336 ## - CONTENT TYPE
Content type term text
Content type code txt
Source rdacontent
Materials specified books
337 ## - MEDIA TYPE
Media type term unmediated
Media type code n
Source rdamedia
Materials specified books
338 ## - CARRIER TYPE
Carrier type term volume
Carrier type code nc
Source rdacarrier
Materials specified books
500 ## - GENERAL NOTE
General note First ed. edited by B. F. Gordon.
500 ## - GENERAL NOTE
General note "An Architectural record book."
500 ## - GENERAL NOTE
General note Articles in this book were written by the editors of Architectural record.
500 ## - GENERAL NOTE
General note Includes index.
650 #0 - SUBJECT ADDED ENTRY--TOPICAL TERM
Topical term or geographic name entry element Interior architecture.
9 (RLIN) 2762
700 1# - ADDED ENTRY--PERSONAL NAME
Personal name Hoyt, Charles King.
9 (RLIN) 15706
700 1# - ADDED ENTRY--PERSONAL NAME
Personal name Gordon, Barclay F.,
Relator term comp.
Title of a work Interior spaces designed by architects.
9 (RLIN) 15707
730 0# - ADDED ENTRY--UNIFORM TITLE
Uniform title Architectural record.
9 (RLIN) 15708
906 ## - LOCAL DATA ELEMENT F, LDF (RLIN)
a 7
b cbc
c orignew
d u
e ocip
f 19
g y-gencatlg
942 ## - ADDED ENTRY ELEMENTS (KOHA)
Source of classification or shelving scheme Library of Congress Classification
Koha item type Books
Edition 2nd ed.
Classification part NA 2850
Item part .1981 I57
Call number prefix (DAFA-Arch)
Holdings
Withdrawn status Lost status Source of classification or shelving scheme Damaged status Not for loan Collection code Home library Current library Shelving location Date acquired Source of acquisition Total Checkouts Full call number Barcode Date last seen Price effective from Koha item type Accession Number
    Library of Congress Classification     Non-fiction Foundation University Library Foundation University Library DoArchitecture & Fine Arts 04/29/2026 Donations   (DAFA-Arch) NA 2850 .1981 I57 0052026003010 04/29/2026 04/29/2026 Books DAFA-Archi-2026010